The freedom struggle in Andhra Pradesh (Andhra) (Record no. 71852)

MARC details
000 -LEADER
fixed length control field 00959cam a22002291 4500
001 - CONTROL NUMBER
control field sa 67000250
003 - CONTROL NUMBER IDENTIFIER
control field DLC
005 - DATE AND TIME OF LATEST TRANSACTION
control field 20260227112313.0
008 - FIXED-LENGTH DATA ELEMENTS--GENERAL INFORMATION
fixed length control field 790608m19651974ii 00000 eng
010 ## - LIBRARY OF CONGRESS CONTROL NUMBER
LC control number sa 67000250 //r852
025 ## - OVERSEAS ACQUISITION NUMBER
Overseas acquisition number PL480:I-E-6457
043 ## - GEOGRAPHIC AREA CODE
Geographic area code a-ii---
050 0# - LIBRARY OF CONGRESS CALL NUMBER
Classification number DS485.A55
Item number V43
082 ## - DEWEY DECIMAL CLASSIFICATION NUMBER
Classification number 954/.84
100 10 - MAIN ENTRY--PERSONAL NAME
Personal name Venkatarangaiya, Mamidipudi,
Dates associated with a name 1889-
Relator term ed.
245 14 - TITLE STATEMENT
Title The freedom struggle in Andhra Pradesh (Andhra)
Statement of responsibility, etc. Edited by M. Venkatarangaiya.
260 0# - PUBLICATION, DISTRIBUTION, ETC.
Place of publication, distribution, etc. [Hyderabad]
Name of publisher, distributor, etc. Andhra Pradesh State Committee Appointed for the Compilation of a History of the Freedom Struggle in Andhra Pradesh (Andhra)
Date of publication, distribution, etc. 1965-74.
300 ## - PHYSICAL DESCRIPTION
Extent 4 v.
Dimensions 25 cm.
505 0# - FORMATTED CONTENTS NOTE
Formatted contents note v. 1. 1800-1905--v. 2. 1906-1920.--v. 3.--1921-1931 A.D.--v. 4. 1932-1947.
651 #0 - SUBJECT ADDED ENTRY--GEOGRAPHIC NAME
Geographic name Andhra Pradesh (India)
General subdivision Politics and government.
710 10 - ADDED ENTRY--CORPORATE NAME
Corporate name or jurisdiction name as entry element Andhra Pradesh (India).
Subordinate unit State Committee for the Compilation of the History of the Freedom Struggle in Andhra Pradesh.

No items available.

Powered by Koha